01086nam a22002417a 450000500170000000800410001702000180005805000250007624501140010125000110021526001060022630000270033250400320035965000690039165000690046065000700052970000410059970000410064070000430068171000880072494200130081299900190082520211124123156.0211123s2014 mx bdo gr|||| 00| 0 spa|| a978607935002404aHD9014.S2 bI54 201400aInfografía agroalimentaria San Luis Potosi 2014 c / [Colaboradores Patricia Ornelas Ruíz ... [et al.]]. a1a ed. aMéxico :bSecretaría de Agricultura, Ganadería, Desarrollo Rural, Pesca y Alimentación,c2014 a70 p. :bil. ;c20 cm. aIncluye glosario e índice 72lembaIndustrias alimenticiasvEstadísticaszSan Luis Potosí 72lembaAgricultura de regionesvEstadísticaszSan Luis Potosí 72lembaIndustrias agropecuariasvEstadísticaszSan Luis Potosí1 aOrnelas Ruiz, Patricia,ecolaborador1 aRamos Escobar, Rolando,ecolaborador1 aCampos Leal, José Luis,ecolaborador1 aSecretaría de Agricultura, Ganadería, Desarrollo Rural, Pesca y Alimentación. 2lcccLIB c108074d108074